Poesías completas / (Registro nro. 8774)

Detalles MARC
000 -LIDER
fixed length control field 00891nam a22003017a 4500
001 - NÚMERO DE CONTROL
Identificador de número de control 27090
003 - IDENTIFICACDOR DE NÚMERO DE CONTROL
control field DO-SdBNP
005 - DATE AND TIME OF LATEST TRANSACTION
control field 20221107105747.0
007 - CAMPOS FIJOS DE DESCRIPCIÓN FÍSICA
fixed length control field 27090
008 - ELEMENTOS DE LONGITUD FIJA
fixed length control field 990514s1998 sp | | ||spa
020 ## - ISBN
International Standard Book Number 8437616530
040 ## - FUENTE DE CATALOGACIÓN
Agencia que crea de manera original el registro BPMSU
Idioma de catalogación spa
Agencia que realiza la transcripción BPMSU
082 #4 - NÚMERO DE CLASIFICACIÓN DECIMAL DE DEWEY
Classification number 861.08
Item number V714 1998
Edition number 22
100 1# - ASIENTO PRINCIPAL -- NOMBRE PERSONAL
Nombre personal Villalón, Fernando
Fechas asociadas con el nombre 1881-1930
245 10 - MENCIÓN DE TITULO
Título Poesías completas /
Mención de responsabilidad Fernando Villalón ; edición de Jacques Issorel
260 ## - PUBLICACIÓN, DISTRIBUCIÓN, ETC. (PIE DE IMPRENTA)
Lugar de publicación, distribución, etc Madrid :
Nombre del editor, distribuidor, etc. Cátedra,
Fecha de publicación, distribución, etc 1998
300 ## - DESCRIPCIÓN FÍSICA
Extensión 406 p. :
Dimensiones 20 cm.
440 ## - MENCIÓN DE SERIE/ENTRADA SECUNDARIA--TÍTULO
Número de volumen/designación secuencial
490 0# - MENCIÓN DE SERIES
Mención de serie Letras hispánicas
Volume/sequential designation 456
500 ## - NOTA GENERAL
Materiales especificados Incluye referencias bibliográficas y notas al pie de las páginas
590 ## - NOTA LOCAL
Enlace Inventariado, 2022/VM
650 #4 - ENCABEZAMIENTO DE MATERIA--TEMÁTICO
Término temático o nombre geográfico como elemento de entrada Poesía española.
650 #4 - ENCABEZAMIENTO DE MATERIA--TEMÁTICO
Término temático o nombre geográfico como elemento de entrada Literatura española
700 1# - ASIENTO SECUNDARIO -- NOMBRE PERSONAL
Nombre personal Issorel, Jacques
Fechas asociadas con el nombre 1941-
Término de relación ed.
830 ## - ASIENTO SECUNDARIO DE SERIE--TÍTULO UNIFORME
Nombre de la parte o sección de una obra Letras hispánicas
Volume number/sequential designation 450
910 ## - VALIDACIÓN
Validación VMateo V. Validado
942 ## - ADDED ENTRY ELEMENTS (KOHA)
Source of classification or shelving scheme Dewey Decimal Classification
Koha item type Libros
Existencias
Withdrawn status Lost status Source of classification or shelving scheme Damaged status Not for loan Collection code Home library Current library Date acquired Source of acquisition Full call number Barcode Date last seen Price effective from Koha item type Copy number
    Dewey Decimal Classification     Colección Juvenil General Biblioteca Pública Metropolitana Salomé Ureña Biblioteca Pública Metropolitana Salomé Ureña 11/18/2015 Fundación Educativa y Cultural BPMSU CG 861.08 V714p 1998 BPMSU18020028 11/18/2015 11/18/2015 Libros  
    Dewey Decimal Classification     Colección Juvenil General Biblioteca Pública Metropolitana Salomé Ureña Biblioteca Pública Metropolitana Salomé Ureña 11/18/2015 Fundación Educativa y Cultural BPMSU CG 861.08 V714p 1998 BPMSU15110342 11/18/2015 11/18/2015 Libros e.2